=LDR 00000nam 2200000 4500 =001 INLIS000000000044797 =005 20131008110719 =008 ***********************************Ind** =035 ##$$0010-101300000002719 =041 ##$$a Ind =082 ##$$a 741.3 =090 ##$$a 741.3, Tan w =100 ##$$a Tanaka, Ken =245 ##$$a World's Four Great Swestons, Ken Tanaka =260 ##$$a 2010 $b Jakarta =300 ##$$a 195 Hlm., 22 Cm =650 ##$$a Komik, Bacaan =850 ##$$a NNT-CD